000 03079cam a22004814i 4500
003 PE-LiUPU
005 20250731172835.0
008 150827s2013 miu rb 001 0 eng d
020 _a9780802868756
_q(pbk.)
035 _a(Sirsi) i9780802868756
040 _aDLC
_bspa
_cDLC
_dDLC
_dPE-LiUPU
_erda
049 _aPRUA
050 0 0 _aBT121.3
_b.T45 2013
082 0 4 _a231.3
_bT47
_223
100 1 _aThiselton, Anthony C.,
_eautor.
245 1 4 _aThe Holy Spirit-- in biblical teaching, through the centuries, and today /
_cAnthony C. Thiselton.
264 1 _aGrand Rapids, Michigan :
_bWilliam B. Eerdmans Publishing Company,
_c2013.
300 _axiii, 565 páginas ;
_c24 centímetros
336 _atext
_2rdacontent
337 _aunmediated
_2rdamedia
338 _avolume
_2rdacarrier
504 _aIncluye referencias bibliográficas páginas 501-521) e índices.
505 0 _aThe Holy Spirit in Biblical Teaching -- The Spirit of God in the Old Testament -- The Spirit in Judaism -- The Holy Spirit in the synoptic gospels -- The Holy Spirit in Acts -- Key themes in Paul -- Further gifts of the Spirit and more controversial themes that involve hermeneutics -- The Holy Spirit, the paraclete, in the Johannine writings -- 1 and 2 Peter, Hebrews, James, Jude, and Revelation -- The Holy Spirit through the Centuries -- The apostolic fathers and early Christian apologists -- The ante-Nicene fathers -- The post-Nicene Western fathers -- The post-Nicene Eastern fathers -- The earlier medieval period -- The later Middle Ages : from Bonaventura and Aquinas to Julian of Norwich and Walter Hilton -- The major reformers -- The seventeenth and eighteenth centuries : from Owen to Edwards -- The Holy Spirit in Modern Theology and Today -- The nineteenth century : the parting of the ways -- The earlier part of the twentieth century -- The later twentieth century to 1985 -- Three pentecostal or renewal New Testament scholars : Fee, Stronstad, and Turner -- Five major theologians : Congar, Moltmann, Pannenberg, Lossky, and Zizioulas -- Other writers from the end of the century : 1986-2000 -- The twenty-first century -- Summary, conclusions, mutual dialogue, and personal reflections.
526 _aSEG42
526 _aSEG41
526 _aSEG40
526 _aSEG39
526 _aP94
526 _aP87
526 _aP86
526 _aP85
526 _aP77
526 _aP76
526 _aP35
650 0 _aEspíritu santo.
_91618
910 _ardg
_bjck
_crdg
_d20150827
942 _2ddc
_cBOOK
949 _aPGT 231.3 T47
_wDEWEY
_c1
_i71966
_lCCODEBUL1
_mBUL
_p29.00
_r0
_sY
_tBOOK
_u2015-8-26
_xTEOLOGIA
_PP85
_0COMPRA
_o.CIRCNOTE. No olvidar cambiar la fecha de devolución!!!!!!!
_o.STAFF. Posgrado
994 _aC0
_bPEPRU
596 _a1
999 _aPGT 231.3 T47
_wDEWEY
_c6947
_i71966
_f2021-11-9
_g5
_lCCODEBUL1
_mBUL
_p29.00
_r0
_sY
_tBOOK
_u2015-8-26
_xTEOLOGIA
_PP85
_0COMPRA
_o.CIRCNOTE. No olvidar cambiar la fecha de devolución!!!!!!!
_o.STAFF. Posgrado
_d6947
980 _81
_gALBERTO SANCHEZ Responsable de Automatización